[Event "USA tt sf"]
[Site "ICC INT"]
[Date "2007.11.19"]
[Round "1"]
[White "Guadalupe, Francisco II"]
[Black "Barredo Duran, Luis"]
[Result "1-0"]
[WhiteElo "2228"]
[BlackElo "2332"]
[PlyCount "111"]
[EventDate "2007.11.19"]
[EventType "match"]
[EventRounds "1"]
[EventCountry "USA"]
[SourceTitle "CBM 121 Extra"]
[Source "ChessBase"]
[SourceDate "2008.01.10"]
[SourceVersion "1"]
[SourceVersionDate "2008.01.10"]
[SourceQuality "1"]

1. e4 e6 2. d4 d5 3. exd5 exd5 4. Bd3 c5 5. dxc5 Bxc5 6. Nf3 Nf6 7. 0-0 0-0 8. Bg5 Nc6 9. Nc3 Bg4 10. Nxd5 Qxd5 11. Bxf6 Bxf3 12. gxf3 Qh5 13. Bc3 Qh4 14. Kh1 Bxf2 15. Qd2 Bd4 16. Rg1 Qf6 17. Bxd4 Nxd4 18. Rg3 Ne6 19. Rag1 g6 20. Qh6 Qg7 21. Qh4 Qxb2 22. f4 Qd4 23. Rh3 h5 24. f5 Qxh4 25. Rxh4 Nc5 26. Bc4 Kg7 27. Rxh5 Ne4 28. Rh4 Rae8 29. Rf4 Re5 30. Bd3 Rfe8 31. fxg6 fxg6 32. Rgg4 Ng5 33. h4 Nf7 34. Rxg6+ Kf8 35. Bc4 Re1+ 36. Kg2 R8e2+ 37. Bxe2 Rxe2+ 38. Kg3 Rxc2 39. h5 Rc1 40. Rgf6 Rg1+ 41. Kh2 Rg7 42. h6 Rh7 43. Rxf7+ Rxf7 44. h7 Rxf4 45. h8Q+ Kf7 46. Qh7+ Kf6 47. a3 Rf2+ 48. Kg1 Ra2 49. Qxb7 Ra1+ 50. Kf2 Ra2+ 51. Ke1 Ke5 52. Qxa7 Ke4 53. Qa4+ Ke5 54. Qb5+ Kd6 55. a4 Kc7 56. Qc4+ 1-0

[Event "USA tt"]
[Site "ICC INT"]
[Date "2007.10.31"]
[Round "10"]
[White "Barredo Duran, Luis"]
[Black "Lee, Michael"]
[Result "1-0"]
[WhiteElo "2332"]
[BlackElo "2221"]
[PlyCount "143"]
[EventDate "2007.08.29"]
[EventType "team"]
[EventRounds "10"]
[EventCountry "USA"]
[SourceTitle "EXT 2008"]
[Source "ChessBase"]
[SourceDate "2007.11.25"]
[SourceVersion "1"]
[SourceVersionDate "2007.11.25"]
[SourceQuality "1"]

1. d4 Nf6 2. Nf3 g6 3. c4 Bg7 4. Nc3 0-0 5. e4 d6 6. Be2 e5 7. 0-0 Nc6 8. d5 Ne7 9. Ne1 Nd7 10. f3 f5 11. g4 Kh8 12. h4 Nf6 13. Nd3 c6 14. Be3 b5 15. b3 a5 16. Nf2 b4 17. Na4 c5 18. a3 f4 19. Bd2 Bd7 20. Nb2 Qb6 21. Nbd3 Ra7 22. Qc2 Rfa8 23. Ra2 Ne8 24. Rfa1 h6 25. Be1 Bf6 26. Nd1 Nc8 27. Bf2 Qd8 28. axb4 axb4 29. Rxa7 Rxa7 30. Rxa7 Nxa7 31. Nxb4 Bxh4 32. Nd3 h5 33. gxh5 Bh3 34. Bxh4 Qxh4 35. Bf1 Qg3+ 36. Bg2 gxh5 37. Qf2 Qg7 38. Kh2 Bc8 39. Qh4 Nf6 40. N1f2 Kg8 41. Bh3 Qg6 42. b4 cxb4 43. Nxb4 Bxh3 44. Nxh3 Nc8 45. Nc6 Kg7 46. Ng5 Nb6 47. c5 Nc4 48. cxd6 Kh6 49. Ne6 Ne3 50. Qh3 Nd7 51. Ne7 Qg3+ 52. Qxg3 Nf1+ 53. Kh3 Nxg3 54. Nc6 Kg6 55. Nxe5+ Nxe5 56. Nxf4+ Kf6 57. Kxg3 h4+ 58. Kxh4 Nxf3+ 59. Kg3 Ng5 60. Nh5+ Ke5 61. d7 Nf7 62. Kf3 Kd6 63. Kf4 Kxd7 64. e5 Ke7 65. Ng7 Nd8 66. Nf5+ Kf7 67. Nd4 Ke8 68. e6 Nb7 69. Ke5 Na5 70. d6 Nc4+ 71. Kd5 Ne3+ 72. Ke4 1-0

[Event "USA tt"]
[Site "ICC INT"]
[Date "2007.10.24"]
[Round "9"]
[White "Zaikov, Oleg"]
[Black "Barredo Duran, Luis"]
[Result "1/2-1/2"]
[WhiteElo "2381"]
[BlackElo "2332"]
[PlyCount "115"]
[EventDate "2007.08.29"]
[EventType "team"]
[EventRounds "10"]
[EventCountry "USA"]
[SourceTitle "CBM 120 Extra"]
[Source "ChessBase"]
[SourceDate "2007.11.01"]
[SourceVersion "1"]
[SourceVersionDate "2007.11.01"]
[SourceQuality "1"]

1. d4 Nf6 2. c4 g6 3. Nc3 Bg7 4. e4 d6 5. Nf3 0-0 6. Be2 Na6 7. 0-0 e5 8. Be3 Ng4 9. Bg5 f6 10. Bh4 Nh6 11. a3 Nf7 12. b4 c6 13. Bg3 Qe7 14. Re1 Kh8 15. c5 dxc5 16. dxe5 fxe5 17. Bxa6 cxb4 18. Na2 bxa6 19. Nxb4 Bb7 20. Qa4 Rac8 21. Rac1 Rfd8 22. Rc3 c5 23. Nd3 c4 24. Nb2 Nd6 25. Qb4 a5 26. Qxa5 Nxe4 27. Rxc4 Nxg3 28. hxg3 e4 29. Rxc8 Rxc8 30. Qb5 Bc6 31. Qe2 Qb7 32. Ng5 Bxb2 33. Rb1 Rb8 34. Qc4 Bd5 35. Qc5 h6 36. Nh3 Qc6 37. Qxa7 Ra8 38. Qe3 Bg7 39. Nf4 Bf7 40. Rb6 Qe8 41. Rb4 Ra4 42. Rb7 g5 43. Ne2 Bd5 44. Rc7 Rc4 45. Ra7 Qe5 46. a4 Qa1+ 47. Kh2 Rxa4 48. Rd7 Qe5 49. Qc5 Bg8 50. Qc6 Rc4 51. Qb7 Rc2 52. Re7 Qb2 53. Qxe4 Rc8 54. Ng1 Qxf2 55. Rxg7 Kxg7 56. Qb7+ Qf7 57. Qxc8 Qh5+ 58. Qh3 1/2-1/2

[Event "USA tt"]
[Site "ICC INT"]
[Date "2006.10.09"]
[Round "7"]
[White "Lopez, Nelson M"]
[Black "Barredo Duran, Luis"]
[Result "0-1"]
[WhiteElo "2144"]
[BlackElo "2332"]
[PlyCount "146"]
[EventDate "2006.08.30"]
[EventType "team"]
[EventRounds "10"]
[EventCountry "USA"]
[SourceTitle "CBM 114 Extra"]
[Source "ChessBase"]
[SourceDate "2006.11.03"]
[SourceVersion "1"]
[SourceVersionDate "2006.11.03"]
[SourceQuality "1"]
[WhiteTeam "Dallas Destiny"]
[BlackTeam "Miami"]
[WhiteTeamCountry "USA"]
[BlackTeamCountry "USA"]

1. e4 e6 2. Qe2 e5 3. Nf3 Nc6 4. c3 Nf6 5. d4 d5 6. exd5 Qxd5 7. Nxe5 Nxe5 8. Qxe5+ Qxe5+ 9. dxe5 Ng4 10. Bf4 Bc5 11. Bg3 0-0 12. Be2 f6 13. Bxg4 Bxg4 14. 0-0 Rad8 15. b4 Bb6 16. a4 a5 17. Ra2 Rd3 18. exf6 Rfd8 19. Bf4 gxf6 20. h3 Be6 21. Rb2 Bd5 22. Re1 Kf7 23. Rc1 Rg8 24. g3 Rf3 25. bxa5 Ba7 26. Bxc7 Rgxg3+ 27. Bxg3 Rxg3+ 28. Kf1 Rxh3 29. Ke2 Bb8 30. Nd2 Be5 31. f3 Rh2+ 32. Ke3 Rh4 33. Rb4 Rh2 34. Ne4 Bc7 35. Rb5 Bc6 36. Rc5 Bb8 37. Kd3 Ba7 38. Rf5 Kg7 39. Rb1 Ra2 40. Nd6 Kg6 41. Rf4 h5 42. Nxb7 Kg5 43. Rfb4 Rf2 44. f4+ Kg4 45. Nd6 h4 46. a6 h3 47. Nb5 h2 48. Nxa7 Bg2 49. Rb8 Bf1+ 50. Rxf1 Rxf1 51. Rh8 Rf3+ 52. Ke4 f5+ 53. Ke5 Re3+ 54. Kf6 Rh3 55. Rxh3 Kxh3 56. Kxf5 h1Q 57. Nb5 Qd5+ 58. Kf6 Qc6+ 59. Ke7 Qxa6 60. f5 Qb7+ 61. Ke6 Qc8+ 62. Ke5 Qe8+ 63. Kd6 Kg4 64. Kc5 Qc8+ 65. Kb6 Qb8+ 66. Kc6 Qa8+ 67. Kd6 Kxf5 68. Nd4+ Ke4 69. Ne6 Qd5+ 70. Ke7 Ke5 71. Nd8 Qd6+ 72. Ke8 Kf6 73. Nf7 Qe7# 0-1

[Event "Internet Section 10B g/8'+2\""]
[Site "Dos Hermanas"]
[Date "2004.03.11"]
[Round "8"]
[White "Afonin, Sergey"]
[Black "Barredo Duran, Luis"]
[Result "1-0"]
[WhiteElo "2180"]
[BlackElo "2318"]
[PlyCount "63"]
[EventDate "2004.03.10"]
[EventType "swiss (blitz)"]
[EventRounds "9"]
[EventCountry "ESP"]
[SourceTitle "EXT 2005"]
[Source "ChessBase"]
[SourceDate "2004.11.15"]
[SourceVersion "1"]
[SourceVersionDate "2004.11.15"]
[SourceQuality "1"]

1. d4 Nf6 2. c4 g6 3. Nc3 Bg7 4. e4 d6 5. f3 0-0 6. Be3 Nc6 7. Nge2 a6 8. Qd2 Rb8 9. Nc1 e5 10. d5 Nd4 11. Nb3 c5 12. dxc6 Nxb3 13. axb3 bxc6 14. Ra3 Bb7 15. Be2 d5 16. cxd5 cxd5 17. exd5 Nxd5 18. Nxd5 Qxd5 19. Qxd5 Bxd5 20. Bxa6 Rfc8 21. Bxc8 Rxc8 22. Ra5 Be6 23. Rc5 Ra8 24. 0-0 Bxb3 25. Rfc1 Be6 26. b4 h5 27. b5 Ra2 28. b6 Rb2 29. Rc7 Bf6 30. b7 Kg7 31. Ba7 Bg5 32. b8Q 1-0

[Event "Internet Section 11B g/8'+2\""]
[Site "Dos Hermanas"]
[Date "2004.03.11"]
[Round "5"]
[White "Moskow, Eric"]
[Black "Barredo Duran, Luis"]
[Result "0-1"]
[WhiteElo "2200"]
[BlackElo "2318"]
[PlyCount "72"]
[EventDate "2004.03.11"]
[EventType "swiss (blitz)"]
[EventRounds "9"]
[EventCountry "ESP"]
[SourceTitle "EXT 2005"]
[Source "ChessBase"]
[SourceDate "2004.11.15"]
[SourceVersion "1"]
[SourceVersionDate "2004.11.15"]
[SourceQuality "1"]

1. d4 Nf6 2. Nf3 g6 3. Nc3 Bg7 4. e4 d6 5. Be3 0-0 6. Qd2 Nc6 7. Be2 Bg4 8. Ng5 Bxe2 9. Qxe2 h6 10. Nf3 d5 11. e5 Ne4 12. 0-0 Qd7 13. Nb1 f6 14. exf6 exf6 15. Nbd2 f5 16. c3 f4 17. Nxe4 dxe4 18. Nh4 fxe3 19. Nxg6 exf2+ 20. Rxf2 Rxf2 21. Qxf2 Nxd4 22. Rd1 Qf7 23. Nh4 Qxf2+ 24. Kxf2 Rf8+ 25. Ke3 Nf5+ 26. Nxf5 Rxf5 27. Kxe4 Rf2 28. Rd7 Rxg2 29. Rxc7 Rxb2 30. h4 a5 31. c4 b6 32. c5 bxc5 33. Rxc5 Rxa2 34. h5 a4 35. Kf5 a3 36. Kg6 Rg2+ 0-1

[Event "Internet Section 09B g/8'+2\""]
[Site "Dos Hermanas"]
[Date "2004.03.09"]
[Round "4"]
[White "Barredo Duran, Luis"]
[Black "Abbasov, Farid"]
[Result "0-1"]
[WhiteElo "2318"]
[BlackElo "2443"]
[PlyCount "50"]
[EventDate "2004.03.09"]
[EventType "swiss (blitz)"]
[EventRounds "9"]
[EventCountry "ESP"]
[SourceTitle "CBM 099 Extra"]
[Source "ChessBase"]
[SourceDate "2004.05.04"]
[SourceVersion "1"]
[SourceVersionDate "2004.05.04"]
[SourceQuality "1"]

1. d4 f5 2. Nc3 Nf6 3. Bg5 d5 4. Bxf6 exf6 5. e3 c6 6. Bd3 Bd6 7. Qf3 g6 8. Nge2 Be6 9. h3 h5 10. Nf4 Bf7 11. 0-0-0 h4 12. g4 fxg4 13. hxg4 g5 14. Nh5 Nd7 15. Ng7+ Kf8 16. Nf5 Bc7 17. e4 Ba5 18. Qe3 Bxc3 19. bxc3 Qa5 20. f4 dxe4 21. Bxe4 Nb6 22. c4 Nxc4 23. Qd3 Qxa2 24. Qb3 Qa1+ 25. Qb1 Qa3+ 0-1

[Event "Internet Section 18-B"]
[Site "Dos Hermanas"]
[Date "2003.03.18"]
[Round "3"]
[White "Maslak, Konstantin"]
[Black "Barredo Duran, Luis"]
[Result "1-0"]
[WhiteElo "2405"]
[BlackElo "2318"]
[PlyCount "93"]
[EventDate "2003.03.18"]
[EventType "swiss (blitz)"]
[EventRounds "9"]
[EventCountry "ESP"]
[SourceTitle "EXT 2004"]
[Source "ChessBase"]
[SourceDate "2003.11.25"]
[SourceVersion "1"]
[SourceVersionDate "2003.11.25"]
[SourceQuality "1"]

1. e4 e6 2. d4 d5 3. Nc3 Nf6 4. Bg5 Bb4 5. e5 h6 6. Bd2 Bxc3 7. bxc3 Ne4 8. Qg4 g6 9. Bd3 Nxd2 10. Kxd2 c5 11. Nf3 cxd4 12. cxd4 Qc7 13. Qf4 f5 14. h4 Nc6 15. g4 Bd7 16. gxf5 gxf5 17. Rhg1 0-0-0 18. Rg7 Qa5+ 19. Ke2 Be8 20. Rb1 Rd7 21. Rxd7 Bxd7 22. Qg3 Qxa2 23. Qg7 Re8 24. Rxb7 Re7 25. Rxd7 Rxg7 26. Rxg7 Nb4 27. Rg8+ Kc7 28. Rg7+ Kd8 29. Kd2 Nxd3 30. Kxd3 Qc4+ 31. Kd2 Qf1 32. Ke3 Qc1+ 33. Kd3 Qf4 34. Nd2 Qxf2 35. Nb3 Qf1+ 36. Kd2 Qf2+ 37. Kc3 Qe3+ 38. Kb4 f4 39. Kc5 Qe2 40. Na5 f3 41. Kd6 Ke8 42. Nc6 Kf8 43. Rg6 f2 44. Nd8 f1Q 45. Nxe6+ Kf7 46. Rg7+ Ke8 47. Re7# 1-0

[Event "Internet Section 17-B"]
[Site "Dos Hermanas"]
[Date "2003.03.17"]
[Round "5"]
[White "Barredo Duran, Luis"]
[Black "Solak, Dragan"]
[Result "0-1"]
[WhiteElo "2318"]
[BlackElo "2510"]
[PlyCount "74"]
[EventDate "2003.03.17"]
[EventType "swiss (blitz)"]
[EventRounds "9"]
[EventCountry "ESP"]
[SourceTitle "EXT 2004"]
[Source "ChessBase"]
[SourceDate "2003.11.25"]
[SourceVersion "1"]
[SourceVersionDate "2003.11.25"]
[SourceQuality "1"]

1. d4 d6 2. c4 e5 3. Nf3 e4 4. Nfd2 f5 5. e3 Nf6 6. Nc3 c5 7. Nb3 Nc6 8. Be2 Be7 9. dxc5 dxc5 10. Qxd8+ Kxd8 11. 0-0 b6 12. Rd1+ Kc7 13. Nb5+ Kb8 14. Bd2 a6 15. Nc3 Be6 16. Be1 Rd8 17. Rxd8+ Bxd8 18. Rd1 Kb7 19. f3 Bc7 20. Bh4 Be5 21. Na4 Nd7 22. Bg3 Bxg3 23. hxg3 Kc7 24. Kf2 Nf6 25. Nc3 Ne5 26. Nd5+ Bxd5 27. cxd5 Kd6 28. a4 Nxd5 29. g4 g6 30. gxf5 gxf5 31. Rh1 Nf6 32. Rh6 Ke7 33. g4 exf3 34. g5 Nfg4+ 35. Ke1 Nxh6 36. gxh6 fxe2 37. Kxe2 Kd6 0-1

[Event "Internet Section 16-B"]
[Site "Dos Hermanas"]
[Date "2003.03.17"]
[Round "9"]
[White "Magnusson, Gylfi"]
[Black "Barredo Duran, Luis"]
[Result "0-1"]
[WhiteElo "2245"]
[BlackElo "2318"]
[PlyCount "114"]
[EventDate "2003.03.16"]
[EventType "swiss (blitz)"]
[EventRounds "9"]
[EventCountry "ESP"]
[SourceTitle "EXT 2004"]
[Source "ChessBase"]
[SourceDate "2003.11.25"]
[SourceVersion "1"]
[SourceVersionDate "2003.11.25"]
[SourceQuality "1"]

1. e4 e6 2. d4 d5 3. e5 c5 4. c3 Nc6 5. Nf3 Bd7 6. a3 c4 7. g3 Na5 8. Nbd2 Ne7 9. Bh3 Nc8 10. 0-0 h5 11. Rb1 Nb6 12. b4 cxb3 13. Qe2 Na4 14. Qe3 Rc8 15. Nxb3 Rxc3 16. Nxa5 Rxe3 17. Nxb7 Rxf3 18. Nxd8 Kxd8 19. Rb8+ Kc7 20. Ra8 Kb7 21. Rd8 Nb6 22. Bg5 f6 23. exf6 gxf6 24. Bf4 Rxf4 25. gxf4 Kc7 26. Rxd7+ Kxd7 27. f5 Rg8+ 28. Kh1 e5 29. dxe5 fxe5 30. f6+ Kd6 31. Bf5 Rg5 32. Bh7 Ke6 33. Rc1 Kxf6 34. Rc6+ Kg7 35. Rc7+ Kh8 36. Bc2 Rg7 37. Rc6 e4 38. a4 Bb4 39. Bb3 Be1 40. Rh6+ Kg8 41. Rf6 Rf7 42. Rxf7 Kxf7 43. Kg2 Kf6 44. Kf1 Bb4 45. Ke2 Ke5 46. h3 d4 47. Bf7 d3+ 48. Kd1 h4 49. Bh5 Nxa4 50. Kc1 Bc3 51. f4+ Kxf4 52. Bd1 Nc5 53. Bh5 e3 54. Bd1 a5 55. Kb1 e2 56. Ka2 exd1Q 57. Ka3 Qb3# 0-1

[Event "Internet Section 17-B"]
[Site "Dos Hermanas"]
[Date "2003.03.17"]
[Round "7"]
[White "Seeman, Tarvo"]
[Black "Barredo Duran, Luis"]
[Result "1-0"]
[WhiteElo "2446"]
[BlackElo "2318"]
[PlyCount "55"]
[EventDate "2003.03.17"]
[EventType "swiss (blitz)"]
[EventRounds "9"]
[EventCountry "ESP"]
[SourceTitle "EXT 2004"]
[Source "ChessBase"]
[SourceDate "2003.11.25"]
[SourceVersion "1"]
[SourceVersionDate "2003.11.25"]
[SourceQuality "1"]

1. g3 g6 2. Bg2 Bg7 3. e4 c5 4. f4 Nc6 5. Nf3 d6 6. d3 e6 7. 0-0 Nge7 8. c3 b6 9. Be3 Bb7 10. Na3 Qd7 11. Qd2 0-0 12. Bf2 Rac8 13. Rfe1 Rfd8 14. Rad1 Ba8 15. g4 Re8 16. Bh4 d5 17. e5 Bb7 18. Nc2 d4 19. c4 a6 20. Qf2 h6 21. Bf6 Kf8 22. Qh4 Ng8 23. Rf1 b5 24. b3 Qc7 25. Nd2 Qa5 26. Ne4 Qxa2 27. Nxc5 Ba8 28. Nd7# 1-0

[Event "Internet Section 14-B"]
[Site "Dos Hermanas"]
[Date "2003.03.15"]
[Round "9"]
[White "Christen, Daniel"]
[Black "Barredo Duran, Luis"]
[Result "1-0"]
[WhiteElo "2185"]
[BlackElo "2318"]
[PlyCount "67"]
[EventDate "2003.03.14"]
[EventType "swiss (blitz)"]
[EventRounds "9"]
[EventCountry "ESP"]
[SourceTitle "EXT 2004"]
[Source "ChessBase"]
[SourceDate "2003.11.25"]
[SourceVersion "1"]
[SourceVersionDate "2003.11.25"]
[SourceQuality "1"]

1. d4 Nf6 2. Nf3 g6 3. c4 Bg7 4. Nc3 0-0 5. e4 d6 6. Be2 Na6 7. Be3 e5 8. 0-0 Ng4 9. Bg5 f6 10. Bc1 exd4 11. Nxd4 f5 12. exf5 Nxh2 13. Re1 gxf5 14. Nd5 c6 15. Nf4 Qf6 16. Be3 Ng4 17. Bxg4 fxg4 18. Nh5 Qf7 19. Nxg7 Kxg7 20. Ne2 Bf5 21. Qxd6 Rad8 22. Qg3 Qxc4 23. Qh4 Kg8 24. Ng3 Bg6 25. Rac1 Qxa2 26. Rcd1 Rxd1 27. Rxd1 Qe6 28. Rd4 Nc7 29. Rxg4 Nd5 30. Bd4 b6 31. Qh6 Rf7 32. Rg5 c5 33. Be5 Qe7 34. Rxg6+ 1-0

[Event "Internet Section 14-B"]
[Site "Dos Hermanas"]
[Date "2003.03.14"]
[Round "2"]
[White "Barredo Duran, Luis"]
[Black "Labollita, Martin"]
[Result "1/2-1/2"]
[WhiteElo "2318"]
[BlackElo "2420"]
[PlyCount "85"]
[EventDate "2003.03.14"]
[EventType "swiss (blitz)"]
[EventRounds "9"]
[EventCountry "ESP"]
[SourceTitle "EXT 2004"]
[Source "ChessBase"]
[SourceDate "2003.11.25"]
[SourceVersion "1"]
[SourceVersionDate "2003.11.25"]
[SourceQuality "1"]

1. d4 d5 2. Nf3 Nf6 3. c4 c6 4. cxd5 cxd5 5. Nc3 Nc6 6. Bf4 a6 7. Rc1 Bf5 8. e3 e6 9. Ne5 Nxe5 10. Bxe5 Bd6 11. Bxd6 Qxd6 12. Qa4+ Ke7 13. Be2 Rhc8 14. 0-0 Rc6 15. Nb5 Qd7 16. Qa3+ Kd8 17. Rxc6 Qxc6 18. Qf8+ Ne8 19. Nc3 Bg6 20. h4 h5 21. Qh8 Kd7 22. Bxh5 Nc7 23. Qxg7 Bxh5 24. g4 Bg6 25. h5 Ne8 26. Qf8 Nc7 27. Qg7 Ne8 28. Qf8 e5 29. dxe5 Qe6 30. f3 Qxe5 31. hxg6 Qg3+ 32. Kh1 Qh3+ 33. Kg1 Qg3+ 34. Kh1 Nd6 35. g7 Qh3+ 36. Kg1 Qg3+ 37. Kh1 Qh3+ 38. Kg1 Rxf8 39. gxf8Q Qg3+ 40. Kh1 Qh3+ 41. Kg1 Qg3+ 42. Kh1 Qh3+ 43. Kg1 1/2-1/2

[Event "Internet Section 14-B"]
[Site "Dos Hermanas"]
[Date "2003.03.14"]
[Round "3"]
[White "Szmetan, Jorge"]
[Black "Barredo Duran, Luis"]
[Result "1-0"]
[WhiteElo "2408"]
[BlackElo "2318"]
[PlyCount "107"]
[EventDate "2003.03.14"]
[EventType "swiss (blitz)"]
[EventRounds "9"]
[EventCountry "ESP"]
[SourceTitle "EXT 2004"]
[Source "ChessBase"]
[SourceDate "2003.11.25"]
[SourceVersion "1"]
[SourceVersionDate "2003.11.25"]
[SourceQuality "1"]

1. Nf3 Nf6 2. c4 g6 3. g3 Bg7 4. Bg2 0-0 5. 0-0 d6 6. d4 c5 7. Nc3 Nc6 8. d5 Na5 9. Nd2 e5 10. Qc2 Nh5 11. e4 f5 12. exf5 gxf5 13. b3 a6 14. Bb2 Rb8 15. Ne2 b5 16. Bc3 f4 17. Rab1 b4 18. Bb2 Bf5 19. Be4 Qd7 20. Bxf5 Rxf5 21. f3 fxg3 22. hxg3 Rbf8 23. Qd3 Bh6 24. Ne4 Nb7 25. Kg2 Qg7 26. Rf2 Qg6 27. Rh1 Nd8 28. Rh4 Nf4+ 29. Nxf4 Bxf4 30. Rg4 Rg5 31. Rxg5 Bxg5 32. Rf1 Nf7 33. Rh1 Bh6 34. Rh4 Kh8 35. Rg4 Qf5 36. Nf2 Qxd3 37. Nxd3 Bg7 38. Nf2 Nh6 39. Rg5 Nf5 40. Ne4 Ne3+ 41. Kh3 Nd1 42. Bc1 Rxf3 43. Nxd6 Rc3 44. Bd2 Nf2+ 45. Kg2 Rc2 46. Nf5 Rxd2 47. Rxg7 Ne4+ 48. Kh3 Nd6 49. Rg5 Nxf5 50. Rxf5 e4 51. Re5 Rxa2 52. d6 Rd2 53. Rd5 e3 54. d7 1-0

[Event "Catalunya-ch Absolut"]
[Site "Barcelona"]
[Date "2001.04.12"]
[Round "5"]
[White "Barredo Duran, Luis"]
[Black "Panelo Munoz, Marcelo A"]
[Result "0-1"]
[WhiteElo "2346"]
[BlackElo "2231"]
[PlyCount "128"]
[EventDate "2001.04.08"]
[EventType "swiss"]
[EventRounds "9"]
[EventCountry "ESP"]
[SourceTitle "EXT 2008"]
[Source "ChessBase"]
[SourceDate "2007.11.25"]
[SourceVersion "1"]
[SourceVersionDate "2007.11.25"]
[SourceQuality "1"]

1. d4 Nf6 2. Nf3 e6 3. e3 b6 4. Bd3 Bb7 5. 0-0 c5 6. c4 Be7 7. Nc3 d5 8. cxd5 exd5 9. b3 0-0 10. Bb2 Nc6 11. Ne2 Ne4 12. Rc1 Re8 13. Ng3 Nxg3 14. hxg3 Bf6 15. Bb1 Ba6 16. Re1 c4 17. bxc4 Bxc4 18. e4 g6 19. e5 Bg7 20. Qd2 b5 21. g4 Qa5 22. Qf4 Nd8 23. a3 Ne6 24. Qe3 Rec8 25. g5 Qd8 26. Bc3 a5 27. Bd2 Qb6 28. Bc3 b4 29. Bb2 Qd8 30. Rcd1 Bf8 31. Bc1 bxa3 32. Bxa3 Bxa3 33. Qxa3 Qf8 34. Qe3 Qe7 35. g3 a4 36. Nd2 Qb4 37. f4 Bb3 38. Nxb3 Rc3 39. Qf2 Rxb3 40. Ba2 Rb2 41. Re2 Rxe2 42. Qxe2 Nxd4 43. Qd3 Ne6 44. Bxd5 Rd8 45. Qc2 a3 46. Bxe6 Rxd1+ 47. Qxd1 Qb6+ 48. Kh2 Qxe6 49. Qd8+ Kg7 50. Qd4 a2 51. g4 Kg8 52. Qd8+ Qe8 53. Qa5 Qe6 54. Qd8+ Kg7 55. Qd4 h6 56. f5 gxf5 57. gxf5 Qxf5 58. e6+ Kg6 59. e7 a1Q 60. Qxa1 Qf2+ 61. Kh3 Qf3+ 62. Kh2 Qh5+ 63. Kg3 Qe2 64. Qb1+ Kg7 0-1

[Event "Catalunya-ch Absolut"]
[Site "Barcelona"]
[Date "2001.04.10"]
[Round "3"]
[White "Barredo Duran, Luis"]
[Black "Raineri de Luca, Pablo"]
[Result "1/2-1/2"]
[WhiteElo "2346"]
[BlackElo "2141"]
[PlyCount "79"]
[EventDate "2001.04.08"]
[EventType "swiss"]
[EventRounds "9"]
[EventCountry "ESP"]
[SourceTitle "EXT 2008"]
[Source "ChessBase"]
[SourceDate "2007.11.25"]
[SourceVersion "1"]
[SourceVersionDate "2007.11.25"]
[SourceQuality "1"]

1. d4 Nf6 2. Nf3 c5 3. d5 g6 4. Nc3 Bg7 5. e4 0-0 6. Be2 d6 7. 0-0 Nbd7 8. Re1 Ne5 9. Nxe5 dxe5 10. Be3 b6 11. a4 Ne8 12. a5 Bd7 13. Qb1 Nd6 14. b4 Qc7 15. bxc5 bxc5 16. Qb2 Rab8 17. Qa3 Rb4 18. f3 Rfb8 19. a6 Nc4 20. Bxc4 Rxc4 21. Reb1 Rcb4 22. Rb3 Bf8 23. Qa5 Rc8 24. Qa2 e6 25. Rd1 c4 26. Rxb4 Bxb4 27. dxe6 Bxe6 28. Nd5 Bxd5 29. Rxd5 Qe7 30. Qa4 Bc5 31. Bxc5 Rxc5 32. Qb4 Rc7 33. Qc3 Rc5 34. Qb4 Rc7 35. Qc3 Rc5 36. Qa3 Rc7 37. Qa5 Rd7 38. Rc5 Qf6 39. Rd5 Rxd5 40. exd5 1/2-1/2

[Event "Oviedo"]
[Site "Oviedo"]
[Date "2000.??.??"]
[Round "2"]
[White "Aguera Naredo, Javier"]
[Black "Barredo Duran, Luis"]
[Result "0-1"]
[WhiteElo "2318"]
[BlackElo "2260"]
[PlyCount "74"]
[EventDate "2000.??.??"]
[EventType "tourn"]
[EventRounds "9"]
[EventCountry "ESP"]
[EventCategory "4"]
[SourceTitle "EXT 2001"]
[Source "ChessBase"]
[SourceDate "2000.11.22"]
[SourceVersion "1"]
[SourceVersionDate "2000.11.22"]
[SourceQuality "1"]

1. e4 e6 2. d4 d5 3. Nc3 Bb4 4. e5 c5 5. Bd2 Ne7 6. Nb5 Bxd2+ 7. Qxd2 0-0 8. dxc5 Nd7 9. Qc3 Nc6 10. f4 f6 11. Nf3 g5 12. Nbd4 Qe7 13. Nxc6 bxc6 14. exf6 Rxf6 15. fxg5 Rf4 16. 0-0-0 e5 17. g3 Rf7 18. h4 e4 19. Nd4 Ne5 20. Be2 Bd7 21. Rhf1 Raf8 22. Rxf7 Qxf7 23. Nb5 Qg7 24. Nd6 Rf2 25. Bh5 Bg4 26. Ne8 Nd3+ 27. cxd3 Qxc3+ 28. bxc3 Bxd1 29. Bxd1 e3 30. Nf6+ Kh8 31. Bg4 Rxa2 32. Kd1 Rd2+ 33. Ke1 a5 34. Nxd5 Rxd3 35. c4 a4 36. Nb4 Rd2 37. Nxc6 Rb2 0-1

[Event "Oviedo"]
[Site "Oviedo"]
[Date "2000.??.??"]
[Round "4"]
[White "Glavina, Pablo"]
[Black "Barredo Duran, Luis"]
[Result "1/2-1/2"]
[WhiteElo "2439"]
[BlackElo "2260"]
[PlyCount "106"]
[EventDate "2000.??.??"]
[EventType "tourn"]
[EventRounds "9"]
[EventCountry "ESP"]
[EventCategory "4"]
[SourceTitle "EXT 2001"]
[Source "ChessBase"]
[SourceDate "2000.11.22"]
[SourceVersion "1"]
[SourceVersionDate "2000.11.22"]
[SourceQuality "1"]

1. Nf3 Nf6 2. g3 g6 3. b3 Bg7 4. Bb2 0-0 5. Bg2 d6 6. d4 Nc6 7. c4 Rb8 8. 0-0 a6 9. d5 Na5 10. Qe1 c5 11. Bc3 b6 12. e4 Ng4 13. h3 Ne5 14. Nxe5 Bxe5 15. Bxe5 dxe5 16. Qc3 Qc7 17. f4 exf4 18. gxf4 b5 19. Nd2 Qb6 20. Rac1 Bd7 21. e5 bxc4 22. bxc4 Qb4 23. Ne4 Qxc3 24. Rxc3 Rfc8 25. Rfc1 Rb4 26. d6 Kf8 27. dxe7+ Kxe7 28. Nf6 Be6 29. Nd5+ Kf8 30. Bf1 Rb2 31. Ra3 Nc6 32. Rxa6 Nd4 33. Ra3 Kg7 34. Rd1 Ra8 35. Rdd3 Rxa2 36. Rxa8 Rxa8 37. Kf2 Ra2+ 38. Kg3 h5 39. Ne3 Ra1 40. Rd2 Ra3 41. Kf2 Rc3 42. Ra2 Bf5 43. h4 Be4 44. Be2 Ne6 45. Nd5 Rh3 46. Nf6 Bh1 47. f5 gxf5 48. Nxh5+ Kg6 49. Ra1 Be4 50. Rg1+ Kh6 51. Nf6 Rxh4 52. Ng8+ Kh7 53. Nf6+ Kh6 1/2-1/2